Suomalaisia taiteilijoita teosten mukaan - Statistics

Yleistilastot
  • Tätä visaa on pelattu 24 kertaa
  • Keskiarvotulos 4 / 12
Vastaustilastot
Kuvavisa Hint Vastaus % Oikein
Lemminkäisen äiti Akseli Gallén-Kallela
100%
Taistelevat metsot Ferdinand von Wright
78%
Pariisin Luxemburgin puistossa Albert Edelfelt
65%
Hyökkäys Eetu Isto
35%
Juhlat kaupungissa Tove Jansson
30%
Olemisen keveys Kaj Stenvall
26%
Omakuva Ellen Thesleff
17%
Havis Amanda Ville Vallgren
17%
Pitäjän keisari Vilho Lampi
13%
Väinämöisen soitto Robert Wilhelm Ekman
9%
Postitie Hämeessä Werner Holmberg
9%
Bad Bad Boy Tommi Toija
0%
Ehtoja vastaavia visoja ei löytynyt
Tulosjakauma
Jokaisen tuloksen saaneiden osuus
Persentiili vastausten määrän mukaan
Tuloshistoriasi
Et ole pelannut tätä visaa